El arte griego /

Guardado en:
Autor Principal: Maffre, Jean Jacques
Formato: Libro
Publicado: Buenos Aires : Paidós, 1985
Series:Gramática de los estilos
Materias:
Etiquetas: Agregar Etiqueta
Sin Etiquetas, Sea el primero en etiquetar este registro!
LEADER 00743nam a22002055a 4500
001 CEM.cems004066
005 20100517120340.0
008 130507s1985##################000#0#####d
003 CEMS
082 0 4 |a 709.38 
100 1 |a Maffre, Jean Jacques 
245 1 0 |a El arte griego /  |c Jean Jacques Maffre 
260 |a Buenos Aires :  |b Paidós,  |c 1985 
300 |a 64 p. 
490 0 |a Gramática de los estilos 
505 0 |a Límites cronológicos y geográficos del arte griego -- Características generales del arte griego -- La arquitectura -- Las artes plásticas -- La pintura, las artes gráficas y el mosaico 
653 |a Arte 
653 |a Arte griego 
653 |a Historia del arte 
859 |a CEMS  |b BIB. CEMS - 11 de abril  |h 709.38  |i M269  |p 14771.87  |t Ej.1